000 00569nam a22001817a 4500
005 20251108163346.0
008 250721s1992 xx 000 0 ara d
082 1 4 _a343.209565/موم
100 1 _aالمومني، أحمد سعيد
245 1 0 _aإعادة الإعتبار و وقف تنفيذ العقوبة :
_bدراسة قانونية مقارنة /
264 1 _aعمان :
_bالمؤلف،
_c1992.
300 _a155ص
650 1 7 _aالعقوبات
650 1 7 _aالقانون الجنائي
650 1 7 _aالأردن
942 _2ddc
_cBK
999 _c672
_d672